02133nam a22002537a 4500008004100000020001800041040000800059041000800067050002800075100003300103245009300136260007100229300004300300505030700343520095400650650002901604650002601633650002901659650003701688650003101725942000801756952010001764999001501864251002b |||||||| |||| 00| 0 eng d a9781544519562 ctbs aeng aHF5415.1265 b.S37 2021 aSchwartz, Eli925969eauthor aProduct-led SEOb: the why behind building your organic growth strategyc/ Eli Schwartz. a[Place of publication not identified] :bHoundstooth Press,c2021. a261 pages : billustrations ; c23 cm. aIntroduction — 1. The basics of SEO and how search works — 2. What is product-led SEO? — 3. SEO is a job for humans — 4. SEO and digital marketing — 5. Strategic SEO — 6. Tactical SEO — 7. Broad SEO categories — 8. The company and SEO — 9. Implementing product-led SEO — Conclusion. aNothing can take your business to the next level like great search engine optimization (SEO). Unfortunately, it's not always easy to know what will successfully drive traffic, leads, and sales. If you want to stand out from your competition, your SEO needs a distinctive blend of creativity and logic. Maybe you're a marketing manager or executive who is responsible for SEO growth but do not fully understand how it works. Or maybe you are a seasoned SEO pro looking to optimize further. Either way, this book is your behind-the-scenes guide to online visibility. When it comes to SEO, success often depends not on what you do but on how you do it. That is why Product-Led SEO digs deep into the logic and theory of SEO instead of offering step-by-step guidelines and techniques. You will learn to develop your own best practices and see where most SEO strategies go astray. If your main goal is driving traffic, you are leaving sales on the table. 0aInternet marketing91133 0aSearch engines925757 0aWeb search engines97488 0aCommunication in marketing92094 0aInternet advertising98759 2lcc 00102lcc4070aTBSbTBSd2025-10-02l0oHF5415.1265 SCHpB07632r2025-10-02t1w2025-10-02y1 c4989d4989